000 00521nam a22001697a 4500
005 20251108165511.0
008 250721s1993 xx 000 0 ara d
082 1 4 _aم/799/منك
100 1 _aإبن منكلي، محمد
245 1 0 _aكتاب أنس الملا بوحش الفلا /
264 1 _aعمان :
_bدار البشير للنشر و التوزيع،
_c1993.
300 _a312ص
650 1 7 _aالصيد
700 1 _aصالحية، محمد عيسى
_eتحقيق
942 _2ddc
_cREF
999 _c29388
_d29388